[Event "Secondario 15th"]
[Site "Caorle"]
[Date "1990.07.10"]
[Round "4.30"]
[White "Megli, Massimo"]
[Black "Tedeschi, Antonio"]
[Result "1/2-1/2"]
[WhiteElo "1899"]
[BlackElo "1770"]
[PlyCount "84"]
[EventDate "1990.07.07"]
[EventType "swiss"]
[EventRounds "8"]
[EventCountry "ITA"]
[SourceTitle "EXT 2023"]
[Source "ChessBase"]
[SourceDate "2022.10.05"]
[SourceVersion "1"]
[SourceVersionDate "2022.10.05"]
[SourceQuality "1"]

1. e4 e5 2. Nf3 Nc6 3. Bb5 a6 4. Bxc6 dxc6 5. 0-0 Bg4 6. h3 Bxf3 7. Qxf3 Ne7 8. d3 Ng6 9. Nc3 Be7 10. Be3 Nh4 11. Qg3 Ng6 12. f4 exf4 13. Bxf4 Bd6 14. e5 Bc5+ 15. Kh1 0-0 16. Ne4 Be7 17. Bg5 Bxg5 18. Nxg5 h6 19. Nxf7 Rxf7 20. Qxg6 Qf8 21. Qxf7+ Qxf7 22. Rxf7 Kxf7 23. Rf1+ Ke6 24. d4 Rd8 25. c3 c5 26. Rf4 cxd4 27. cxd4 a5 28. Kg1 c5 29. dxc5 Rc8 30. b4 axb4 31. Rxb4 Rc7 32. Kf2 Kxe5 33. Ke3 Kd5 34. Kd3 Re7 35. g4 Kxc5 36. Rc4+ Kd5 37. h4 b5 38. Rf4 Ra7 39. Kc3 Rxa2 40. Rf7 g5 41. hxg5 hxg5 42. Rf5+ Ke4 1/2-1/2

[Event "Secondario 15th"]
[Site "Caorle"]
[Date "1990.07.08"]
[Round "2.32"]
[White "Ciani, Mario"]
[Black "Tedeschi, Antonio"]
[Result "1-0"]
[WhiteElo "1900"]
[BlackElo "1770"]
[PlyCount "87"]
[EventDate "1990.07.07"]
[EventType "swiss"]
[EventRounds "8"]
[EventCountry "ITA"]
[SourceTitle "EXT 2023"]
[Source "ChessBase"]
[SourceDate "2022.10.05"]
[SourceVersion "1"]
[SourceVersionDate "2022.10.05"]
[SourceQuality "1"]

1. Nf3 d5 2. b3 Nf6 3. Bb2 e6 4. e3 Be7 5. Ne5 Nbd7 6. f4 Nxe5 7. fxe5 Nd7 8. Qh5 g6 9. Qh3 0-0 10. Be2 Bg5 11. 0-0 Qe7 12. d4 Qe8 13. Ba3 Be7 14. Bxe7 Qxe7 15. Nd2 f6 16. Qh4 Rf7 17. exf6 Rxf6 18. Rxf6 Qxf6 19. Qg3 c5 20. Rf1 Qg7 21. Nf3 Nf6 22. Ne5 Bd7 23. Rxf6 Qxf6 24. Nxd7 Qf5 25. Bd3 Qf7 26. Nxc5 a5 27. Bb5 Rf8 28. Nd7 Rd8 29. Ne5 Qf6 30. a4 Rc8 31. Bd3 Kg7 32. h3 Kg8 33. Ng4 Qe7 34. Qe5 Kf7 35. Nh2 Rf8 36. Nf3 Kg8 37. c4 Qa3 38. Qxe6+ Kg7 39. Qe5+ Kh6 40. Qg5+ Kg7 41. cxd5 Qxb3 42. Ne5 Qb6 43. Qe7+ Kg8 44. Qxf8+ 1-0